000 00305cam a2200133ua 4500
041 _aeng
_h
082 _a823.308
_bCHR/EV
100 _aChristie, Agatha .
245 _aEvil under the sun /
_cAgatha Christie.
_hTextual Documents
300 _a185 ; .
504 _a
942 _cBK
999 _c3908
_d3908